Optimization theory (Record no. 7694)
[ view plain ]
| 000 -LEADER | |
|---|---|
| fixed length control field | 00764 a2200217 4500 |
| 020 ## - INTERNATIONAL STANDARD BOOK NUMBER | |
| International Standard Book Number | 1402080980 |
| 020 ## - INTERNATIONAL STANDARD BOOK NUMBER | |
| International Standard Book Number | 1402080980 |
| 040 ## - CATALOGING SOURCE | |
| Original cataloging agency | DLC |
| Language of cataloging | DLC |
| 082 00 - DEWEY DECIMAL CLASSIFICATION NUMBER | |
| Classification number | 519.6 |
| 100 1# - MAIN ENTRY--PERSONAL NAME | |
| Personal name | Jongen, H. Th. |
| 245 10 - TITLE STATEMENT | |
| Title | Optimization theory |
| Statement of responsibility, etc. | Hubertus Th. Jongen, Klaus Meer, Eberhard Triesch. |
| 260 ## - PUBLICATION, DISTRIBUTION, ETC. | |
| Place of publication, distribution, etc. | Boston : |
| Name of publisher, distributor, etc. | Kluwer Academic Publishers, |
| Date of publication, distribution, etc. | c2004. |
| 300 ## - PHYSICAL DESCRIPTION | |
| Extent | xi, 443 p. : |
| Other physical details | ill. ; |
| Dimensions | 25 cm. |
| 650 #0 - SUBJECT ADDED ENTRY--TOPICAL TERM | |
| Topical term or geographic name entry element | Mathematical optimization. |
| 650 #0 - SUBJECT ADDED ENTRY--TOPICAL TERM | |
| Topical term or geographic name entry element | Maxima and minima. |
| 700 1# - ADDED ENTRY--PERSONAL NAME | |
| Personal name | Meer, Klaus. |
| 700 1# - ADDED ENTRY--PERSONAL NAME | |
| Personal name | Triesch, Eberhard. |
| 856 42 - ELECTRONIC LOCATION AND ACCESS | |
| Materials specified | Publisher description |
| Uniform Resource Identifier | <a href="http://www.loc.gov/catdir/enhancements/fy0814/2004053846-d.html">http://www.loc.gov/catdir/enhancements/fy0814/2004053846-d.html</a> |
| 856 42 - ELECTRONIC LOCATION AND ACCESS | |
| Materials specified | Table of contents only |
| Uniform Resource Identifier | <a href="http://www.loc.gov/catdir/enhancements/fy0814/2004053846-t.html">http://www.loc.gov/catdir/enhancements/fy0814/2004053846-t.html</a> |
| 942 ## - ADDED ENTRY ELEMENTS (KOHA) | |
| Koha item type | Book |
| Call number prefix | 519.6 JON |
| Source of classification or shelving scheme | |
| Withdrawn status | Lost status | Damaged status | Not for loan | Collection code | Permanent Location | Current Location | Shelving location | Date acquired | Source of acquisition | Cost, normal purchase price | Total Checkouts | Full call number | Barcode | Date last seen | Date last checked out | Price effective from | Koha item type |
|---|---|---|---|---|---|---|---|---|---|---|---|---|---|---|---|---|---|
| Central Library (CL) | Central Library (CL) | General Stacks | 05/19/2009 | Star Books | 5409.14 | 1 | 519.6 JON | SEECS009443 | 01/11/2019 | 12/08/2014 | 01/05/2017 | Book |
